Statistics for Star Wars Movie Release Dates

Click here to take the quiz!

General Stats

  • This quiz has been taken 15 times
  • The average score is 9 of 11

Answer Stats

QuestionAnswer% Correct
Star Wars: The Force Awakens2015
100%
Star Wars: The Rise of Skywalker2019
100%
Star Wars: A New Hope1977
89%
Star Wars: Revenge of the Sith2005
89%
Star Wars: The Last Jedi2017
89%
Star Wars: The Empire Strikes Back1980
67%
Star Wars: Return of the Jedi1983
67%
Star Wars: the phantom menace1999
67%
Star Wars: Attack of the Clones2002
67%
Rogue One: A Star Wars Story2016
67%
Solo: A Star Wars Story2018
56%

Score Distribution

Percentile by Number Answered

Percent of People with Each Score

Your Score History

You have not taken this quiz